|
|
|
|
| LEADER |
01096nam a2200277 a 4500 |
| 001 |
c000354706 |
| 003 |
CARM |
| 005 |
20030929111335.0 |
| 008 |
700720r19701886ctu 000 0 eng |
| 010 |
|
|
|a 70107488 //r97
|
| 019 |
1 |
|
|a 48434
|5 LACONCORD2021
|
| 020 |
|
|
|a 083713790X
|
| 035 |
|
|
|a (OCoLC)86440
|5 LACONCORD2021
|
| 043 |
|
|
|a fs-----
|
| 050 |
0 |
0 |
|a GR360.K2
|b T3 1970
|
| 082 |
0 |
0 |
|a 398.2/0968
|
| 100 |
1 |
|
|a Theal, George McCall,
|d 1837-1919.
|
| 245 |
1 |
0 |
|a Kaffir folk-lore :
|b a selection from the traditional tales current among the people living on the eastern border of the Cape Colony, with copious explanatory notes.
|
| 260 |
|
|
|a Westport, Conn., :
|b Negro Universities Press,
|c [1970].
|
| 300 |
|
|
|a xii, 226 p. ;
|c 23 cm.
|
| 500 |
|
|
|a Reprint of the 1886 ed.
|
| 650 |
|
0 |
|a Xhosa (African people)
|x Folklore.
|
| 650 |
|
0 |
|a Tales
|z South Africa.
|
| 852 |
8 |
|
|b CARM
|h A1:AM03g0
|i B09231
|p 0425164
|f BK
|
| 999 |
f |
f |
|i bb8a4e08-9cc8-5461-8841-8374c513250c
|s c9b9a887-d83b-5601-857e-a5df0bdecfde
|
| 952 |
f |
f |
|p Can circulate
|a CAVAL
|b CAVAL
|c CAVAL
|d CARM 1 Store
|e B09231
|f A1:AM03g0
|h Other scheme
|i book
|m 0425164
|